Ascertainment of cost of handling and transporting several classes of mail matter and conducting special services : Instruction letter C-w; record of revenues for 30-day statistical period and weight and count of pieces for last 7 days of such period.

Bibliographic Details
Corporate Author: United States. Postmaster General
Format: Government Document eBook
Language:English
Published: Washington : U.S. GPO, 1923.
Subjects:
Online Access:Connect to the full text of this electronic document

MARC

Tag First Indicator Second Indicator Subfields
LEADER 00000cam a22000001a 4500
001 in00003768331
005 20190409170543.0
006 m o d f
007 cr bn mmmapmmp
008 040322s1923 dcu o f000 0 eng d
035 |a ebd1910704005 
040 |a UMI  |c UMI  |d UtOrBLW 
086 0 |a P 4.5:C-w/3 
099 |a P4.5-8 
245 0 0 |a Ascertainment of cost of handling and transporting several classes of mail matter and conducting special services :  |b Instruction letter C-w; record of revenues for 30-day statistical period and weight and count of pieces for last 7 days of such period. 
264 1 |a Washington :  |b U.S. GPO,  |c 1923. 
300 |a 1 online resource (5 pages) 
336 |a text  |b txt  |2 rdacontent 
337 |a computer  |b c  |2 rdamedia 
338 |a online resource  |b cr  |2 rdacarrier 
500 |a Record is based on bibliographic data in ProQuest U.S. Executive Branch Documents, 1910-1932. Reuse except for individual research requires license from ProQuest, LLC. 
533 |a Electronic reproduction.  |b [Bethesda, Md.] :  |c ProQuest,  |d 2012.  |e digital, PDF file.  |n ProQuest U.S. Executive Branch Documents, 1910-1932.  |n Mode of access: World Wide Web via ProQuest website. 
538 |a System requirements: PDF reader software. 
500 |a Electronic resource. 
610 1 0 |a United States.  |b Postmaster General.  |0 http://id.loc.gov/authorities/names/n88144092 
655 7 |a Electronic books.  |2 local 
710 1 |a United States.  |b Postmaster General.  |0 http://id.loc.gov/authorities/names/n88144092 
776 1 8 |i Microfiche version:  |t Ascertainment of cost of handling and transporting several classes of mail matter and conducting special services  |o CIS US Exec MF P4.5-8  |w (ProQuest)cis19172098 
856 4 0 |u http://proxy.library.tamu.edu/login?url=http://congressional.proquest.com/congressional/docview/t66.d71.p4.5-8  |z Connect to the full text of this electronic document  |t 0 
999 f f |s eafc10d8-a0c6-37d2-ba0a-4b0b82811898  |i 50079455-b2b1-3ac0-9946-f4d4892dfd13  |t 0 
952 f f |a Texas A&M University  |b College Station  |c Electronic Resources  |d Available Online  |t 0  |h No information provided 
998 f f |t 0  |l Available Online